Manažment a manažérske kompetencie
Saved in:
| Main Author: | |
|---|---|
| Other Authors: | |
| Format: | Book |
| Language: | Slovak |
| Published: |
Bratislava
Wolters Kluwer
2024
|
| Edition: | 1. vydanie |
| Subjects: | |
| Tags: |
No Tags, Be the first to tag this record!
|
MARC
| LEADER | 00000nam a2200000 4500 | ||
|---|---|---|---|
| 001 | 0307235 | ||
| 005 | 20250310081712.0 | ||
| 020 | |a 978-80-571-0698-2 | ||
| 041 | 0 | |a slo | |
| 044 | |a SK | ||
| 245 | 1 | 0 | |a Manažment a manažérske kompetencie |c Zdenko Stacho, Katarína Stachová |
| 250 | |a 1. vydanie | ||
| 264 | 1 | |a Bratislava |b Wolters Kluwer |c 2024 | |
| 300 | |a 303 s. | ||
| 610 | 2 | 0 | |a manažment |
| 610 | 2 | 0 | |a kompetencie manažérske |
| 610 | 2 | 0 | |a komunikácia manažérska |
| 610 | 2 | 0 | |a koučovanie |
| 610 | 2 | 0 | |a manažment času |
| 610 | 2 | 0 | |a motivácia pracovná |
| 610 | 2 | 0 | |a práca tímová |
| 610 | 2 | 0 | |a inovácie technologické |
| 610 | 2 | 0 | |a zodpovednosť podniku spoločenská |
| 100 | 1 | |a Stacho, Zdenko | |
| 700 | 1 | |a Stachová, Katarína | |